Quiz Sur La Belgique ( Difficile) - Statistiques

Statistiques générales
  • Ce quiz a été pris 56 fois
  • Le résultat moyen est 7 sur 11
Statistiques - réponses
Indice Réponse % Correct
Combien y a-t-il de communauté linguistique en Belgique ? 3
100%
Capitale de la Belgique Bruxelles
98%
Comment les belges disent "il pleut fort" ? il drasch
92%
Quelle est le domaine officiel de la Belgique ( par exemple pour la France c'est ".fr") .be
90%
Combien y-t-il eu de réformes de l'état en Belgique ? 6
75%
Dans quel province belge l'entièreté de la côte Belge se trouve ? La Flandre Occidentale
65%
En quelle année la révolution belge a eu lieu ? 1830
63%
Comment appel-t-on une fermeture éclaire en Belgique ? Tirette
51%
Quelle ville a été crée suite à la crise du " Wallen Buiten" ? Louvain-la-Neuve
45%
Quel est l'équivalent du candy-up en Belgique ? Cecemel
25%
Combien de kilomètre de frontière la Belgique possède avec la France ? 620 ou 659 (selon les sources)
6%
Aucun quiz correspondant
Distribution des résultats
% des personnes avec chaque résultat
Percentile par nombre de réponses
Votre historique - résultats
Vous n’avez pas pris ce quiz